Pays le plus médaillé par épreuves aux Jeux Olympiques d'été - Statistiques

Statistiques générales
  • Ce quiz a été pris 142 fois
    42 depuis la dernière actualisation
  • Le résultat moyen est 382 sur 422
Statistiques - réponses
Sport Épreuve Pays Médailles % Correct
Athlétisme 100m H États Unis 42
100%
Athlétisme 200m H États Unis 50
100%
Athlétisme 400m H États Unis 45
100%
Athlétisme 800m H États Unis 21
100%
Athlétisme 1 500m H États Unis 16
100%
Athlétisme Marathon H États Unis 10
100%
Athlétisme 110m haies H États Unis 60
100%
Athlétisme 400m haies H États Unis 43
100%
Athlétisme Relais 4x100m H États Unis 17
100%
Athlétisme Relais 4x400m H États Unis 22
100%
Athlétisme Saut en longueur H États Unis 46
100%
Athlétisme Triple Saut H États Unis 18
100%
Athlétisme Saut en hauteur H États Unis 36
100%
Athlétisme Saut à la perche H États Unis 48
100%
Athlétisme Lancer du poids H États Unis 54
100%
Athlétisme Lancer du disque H États Unis 35
100%
Athlétisme Lancer du marteau H États Unis 18
100%
Athlétisme Décathlon H États Unis 26
100%
Athlétisme 100m F États Unis 20
100%
Athlétisme 200m F États Unis 15
100%
Athlétisme 400m F États Unis 8
100%
Athlétisme 100m haies F États Unis 14
100%
Athlétisme 400m haies F États Unis 13
100%
Athlétisme Relais 4x100m F États Unis 17
100%
Athlétisme Relais 4x400m F États Unis 13
100%
Athlétisme Saut en hauteur F États Unis 9
100%
Athlétisme Saut à la perche F États Unis 6
100%
Athlétisme Saut en longueur F États Unis 12
100%
Athlétisme Relais 4x400m M États Unis 2
100%
Aviron Skiff H États Unis 9
100%
Aviron Deux de couple H États Unis 11
100%
Aviron Huit H États Unis 17
100%
Aviron Skiff F États Unis 5
100%
Basketball Masculin États Unis 20
100%
Basketball Féminin États Unis 12
100%
Basketball 3x3 Femmes États Unis 2
100%
Boxe Lourds H États Unis 13
100%
Boxe Mi Moyens H États Unis 10
100%
Boxe Légers H États Unis 15
100%
Boxe Plumes H États Unis 12
100%
Boxe Mouches H États Unis 13
100%
Canoë Kayak Course en ligne C1 200m F États Unis 2
100%
BMX États Unis 3
100%
BMX Freestyle F États Unis 2
100%
Cyclisme sur Piste États Unis 4
100%
Cyclisme sur Piste Omnium F États Unis 4
100%
Cyclisme sur Route Contre la montre F États Unis 6
100%
Équitation Concours complet individuel États Unis 13
100%
Équitation Concours complet par équipes États Unis 12
100%
Équitation Saut d'obstacles individuel États Unis 9
100%
Équitation Saut d'obstacles par équipes États Unis 11
100%
Escalade États Unis 1
100%
Escrime Sabre Féminin Individuel États Unis 5
100%
Football F États Unis 7
100%
Golf Tournoi Masculin États Unis 7
100%
Golf Tournoi Féminin États Unis 4
100%
Haltérophilie États Unis 1
100%
Haltérophilie Poids lourds H États Unis 10
100%
Lutte libre Poids coqs H États Unis 16
100%
Lutte libre Poids légers H États Unis 13
100%
Lutte libre Poids welters H États Unis 16
100%
Lutte libre Poids moyens H États Unis 11
100%
Lutte libre Poids lourds H États Unis 15
100%
Lutte libre Poids super lourds H États Unis 7
100%
Lutte libre États Unis 2
100%
Natation 100m brasse H États Unis 12
100%
Natation 200m brasse H États Unis 15
100%
Natation 100m dos H États Unis 40
100%
Natation 200m dos H États Unis 22
100%
Natation 50m nage libre H États Unis 12
100%
Natation 100m nage libre H États Unis 30
100%
Natation 200m nage libre H États Unis 14
100%
Natation 400m nage libre H États Unis 22
100%
Natation 800m nage libre H États Unis 2
100%
Natation États Unis 22
100%
Natation 100m papillon H États Unis 17
100%
Natation 200m papillon H États Unis 20
100%
Natation 200m 4 nages H États Unis 16
100%
Natation 400m 4 nages H États Unis 22
100%
Natation Relais 4x100m nage libre H États Unis 14
100%
Natation Relais 4x200m nage libre H États Unis 25
100%
Natation Relais 4x100m 4 nages H États Unis 16
100%
Natation 100m brasse F États Unis 11
100%
Natation 200m brasse F États Unis 15
100%
Natation 100m dos F États Unis 26
100%
Natation 200m dos F États Unis 11
100%
Natation 50m nage libre F États Unis 6
100%
Natation 100m nage libre F États Unis 30
100%
Natation 200m nage libre F États Unis 16
100%
Natation 400m nage libre F États Unis 30
100%
Natation 800m nage libre F États Unis 18
100%
Natation 1 500m nage libre F États Unis 3
100%
Natation 100m papillon F États Unis 20
100%
Natation 200m papillon F États Unis 11
100%
Natation 200m 4 nages F États Unis 15
100%
Natation 400m 4 nages F États Unis 17
100%
Natation Relais 4x100m nage libre F États Unis 24
100%
Natation Relais 4x200m nage libre F États Unis 8
100%
Natation Relais 4x100m 4 nages F États Unis 16
100%
Plongeon Haut-vol à 10m H États Unis 32
100%
Plongeon Tremplin à 3m H États Unis 37
100%
Plongeon Haut-vol à 10m F États Unis 28
100%
Plongeon Tremplin à 3m F États Unis 34
100%
Water-polo F États Unis 6
100%
Skateboard États Unis 2
100%
Skateboard Street H États Unis 3
100%
Surf Femmes États Unis 2
100%
Tennis Double F États Unis 6
100%
Tennis Double H États Unis 11
100%
Tennis États Unis 5
100%
Tir à l'arc Individuel H États Unis 8
100%
Tir Carabine trois positions 50m H États Unis 9
100%
Tir États Unis 7
100%
Tir Skeet F États Unis 5
100%
Tir États Unis 3
100%
Tir Skeet M États Unis 1
100%
Triathlon États Unis 2
100%
Volleyball États Unis 6
100%
Volleyball Tournoi Féminin États Unis 7
100%
Voile États Unis 3
100%
Aviron France 3
100%
Basketball 3x3 France 1
100%
Canoë Kayak Slalom France 1
100%
BMX France 3
100%
VTT France 6
100%
Cyclisme sur Piste Vitesse individuelle H France 19
100%
Cyclisme sur Piste Vitesse par équipes H France 6
100%
Escrime Fleuret masculin Individuel France 25
100%
Escrime Épée Masculine Individuelle France 24
100%
Escrime Épée Féminine Individuelle France 6
100%
Escrime Fleuret Masculin équipes France 18
100%
Escrime Épée Masculine équipes France 17
100%
Handball H France 5
100%
Judo France 10
100%
Judo Poids mi-moyens F France 7
100%
Judo Poids mi-lourds F France 6
100%
Judo Compétition par équipes M France 2
100%
Taekwondo Poids lourds F France 4
100%
Voile France 1
100%
Athlétisme Australie 1
97%
Canoë Kayak Course en ligne Australie 1
97%
Canoë Kayak Slalom C1 F Australie 2
97%
Canoë Kayak Slalom K1 F Australie 6
97%
Canoë Kayak Slalom KX1 Kayak-cross F Australie 1
97%
Cyclisme sur Piste Australie 5
97%
Natation 1 500m nage libre H Australie 22
97%
Natation Relais 4x100m 4 nages M Australie 2
97%
Skateboard Park H Australie 2
97%
Surf Australie 2
97%
Tir Australie 3
97%
Triathlon F Australie 5
97%
Voile Dériveur léger en solitaire H Australie 5
97%
Voile Dériveur en double H Australie 6
97%
Voile Catamaran en double M Australie 6
97%
Athlétisme 20km marche F Chine 8
97%
Athlétisme Chine 5
97%
Badminton Simple Hommes Chine 9
97%
Badminton Simple Dames Chine 12
97%
Badminton Double Dames Chine 15
97%
Badminton Double Mixte Chine 10
97%
Boxe Moyens F Chine 4
97%
Boxe Welters F Chine 2
97%
Boxe Coqs F Chine 1
97%
Boxe Mouches F Chine 4
97%
Canoë Kayak Course en ligne C2 500m F Chine 2
97%
Escalade Chine 1
97%
Trampoline H Chine 9
97%
Trampoline F Chine 7
97%
Haltérophilie Poids plumes H Chine 9
97%
Haltérophilie -89kg H Chine 1
97%
Haltérophilie Poids mi-lourds F Chine 3
97%
Haltérophilie Poids super lourds F Chine 6
97%
Lutte libre Poids lourds F Chine 4
97%
Natation Chine 2
97%
Natation synchronisée Chine 5
97%
Plongeon Plongeon synchronisé à 10m H Chine 7
97%
Plongeon Plongeon synchronisé à 3m H Chine 6
97%
Plongeon Plongeon synchronisé à 10m F Chine 7
97%
Plongeon Plongeon synchronisé à 3m F Chine 7
97%
Tennis de table Simple H Chine 17
97%
Tennis de table Simple F Chine 21
97%
Tennis de table Par équipes H Chine 5
97%
Tennis de table Par équipes F Chine 5
97%
Tennis de table Double M Chine 2
97%
Tir Pistolet air comprimé 10m H Chine 9
97%
Tir Carabine air comprimé 10m H Chine 7
97%
Tir Pistolet air comprimé 10m F Chine 5
97%
Tir Carabine air comprimé 10m F Chine 9
97%
Tir Pistolet 25m F Chine 6
97%
Tir Carabine trois positions 50m F Chine 6
97%
Tir Pistolet air comprimé 10m M Chine 1
97%
Tir Carabine air comprimé 10m M Chine 2
97%
Tir Chine 1
97%
Voile Planche à Voile F Chine 5
97%
Cyclisme sur Piste Américaine H Australie 2
97%
Escalade Combiné F Japon 2
97%
Gymnastique Artistique Concours par équipes H Japon 15
97%
Gymnastique Artistique Concours général individuel H Japon 17
97%
Gymnastique Artistique Sol H Japon 13
97%
Gymnastique Artistique Barres Parallèles H Japon 16
97%
Gymnastique Artistique Barres Fixes H Japon 16
97%
Judo Poids super-légers H Japon 10
97%
Judo Poids mi-légers H Japon 9
97%
Judo Poids légers H Japon 8
97%
Judo Poids mi-moyens H Japon 8
97%
Judo Poids moyens H Japon 10
97%
Judo Poids lourds H Japon 10
97%
Judo Poids super-légers F Japon 8
97%
Judo Poids mi-légers F Japon 7
97%
Judo Poids légers F Japon 6
97%
Judo Japon 2
97%
Lutte libre Poids mouches F Japon 6
97%
Lutte libre Poids coqs F Japon 3
97%
Lutte libre Poids légers F Japon 6
97%
Lutte libre Poids moyens F Japon 6
97%
Lutte libre Poids mi-lourds F Japon 2
97%
Natation synchronisée Épreuve en duo F Japon 7
97%
Skateboard Park F Japon 3
97%
Skateboard Street F Japon 4
97%
Athlétisme Heptathlon F Royaume Uni 7
97%
Aviron Royaume Uni 2
97%
Aviron Quatre sans barreur H Royaume Uni 4
97%
Boxe Super Lourds H Royaume Uni 6
97%
Canoë Kayak Slalom Royaume Uni 1
97%
Canoë Kayak Slalom Royaume Uni 1
97%
BMX Freestyle H Royaume Uni 2
97%
Cyclisme sur Piste Royaume Uni 6
97%
Cyclisme sur Piste Keirin H Royaume Uni 5
97%
Cyclisme sur Piste Poursuite par équipes H Royaume Uni 16
97%
Cyclisme sur Piste Omnium H Royaume Uni 3
97%
Cyclisme sur Piste Royaume Uni 2
97%
Cyclisme sur Piste Vitesse individuelle F Royaume Uni 5
97%
Cyclisme sur Piste Keirin F Royaume Uni 3
97%
Cyclisme sur Piste Poursuite par équipes F Royaume Uni 4
97%
Cyclisme sur Piste Course à l'américaine F Royaume Uni 2
97%
Cyclisme sur Route Contre la montre H Royaume Uni 4
97%
Équitation Royaume Uni 12
97%
Pentathlon moderne Individuel F Royaume Uni 5
97%
Tennis Simple F Royaume Uni 11
97%
Tennis Simple H Royaume Uni 13
97%
Tennis Double M Royaume Uni 5
97%
Triathlon H Royaume Uni 6
97%
Triathlon Relais Mixte Royaume Uni 2
97%
Voile Dériveur lourd en solitaire H Royaume Uni 7
97%
Voile Kitesurf F Royaume Uni 1
97%
Voile Royaume Uni 3
97%
Athlétisme Marche par équipes M Espagne 1
95%
Canoë Kayak Course en ligne Espagne 2
95%
Haltérophilie Poids lourds F Espagne 3
95%
Voile Espagne 3
95%
Aviron Italie 3
95%
Aviron Quatre de couple H Italie 6
95%
Cyclisme sur Piste Italie 2
95%
Escrime Fleuret Féminin Individuel Italie 18
95%
Escrime Sabre Masculin équipes Italie 21
95%
Escrime Fleuret Féminin équipes Italie 9
95%
Natation Italie 2
95%
Nage en eau libre Italie 3
95%
Taekwondo Italie 3
95%
Tir Skeet H Italie 7
95%
Tir Trap H Italie 16
95%
Tir Italie 1
95%
Volleyball Italie 6
95%
Voile Italie 5
95%
Athlétisme Lancer du javelot F Allemagne 10
92%
Aviron Quatre de couple F Allemagne 8
92%
Canoë Kayak Course en ligne C2 1 000m H Allemagne 9
92%
Canoë Kayak Course en ligne K2 500m H Allemagne 1
92%
Canoë Kayak Course en ligne K4 500m H Allemagne 2
92%
Canoë Kayak Slalom K1 H Allemagne 7
92%
Canoë Kayak Slalom Allemagne 1
92%
Canoë Kayak Slalom Allemagne 2
92%
Cyclisme sur Piste Vitesse par équipes F Allemagne 4
92%
Équitation Dressage individuel Allemagne 18
92%
Équitation Dressage par équipes Allemagne 11
92%
Judo Poids mi-lourds H Allemagne 5
92%
Nage en eau libre 10km eau libre H Allemagne 4
92%
Tir Pistolet tir rapide 25m H Allemagne 9
92%
Boxe Brésil 3
92%
Football H Brésil 7
92%
Skateboard Brésil 2
92%
Surf Hommes Brésil 2
92%
Beachvolley Compétition Masculine Brésil 6
92%
Beachvolley Compétition Féminine Brésil 8
92%
Volleyball Tournoi Masculin Brésil 6
92%
Voile Skiff en double F Brésil 2
92%
Aviron Huit F Canada 2
89%
Canoë Kayak Course en ligne Canada 2
89%
Canoë Kayak Course en ligne Canada 2
89%
Badminton Double Hommes Corée du Sud 7
89%
Boxe Corée du Sud 1
89%
Taekwondo Poids mouche H Corée du Sud 4
89%
Taekwondo Poids lourds H Corée du Sud 5
89%
Taekwondo Poids légers F Corée du Sud 4
89%
Taekwondo Poids moyens F Corée du Sud 5
89%
Tir à l'arc Corée du Sud 8
89%
Tir à l'arc Par équipes H Corée du Sud 9
89%
Tir à l'arc Individuel F Corée du Sud 21
89%
Tir à l'arc Par équipes F Corée du Sud 10
89%
Tir à l'arc Par équipes M Corée du Sud 2
89%
Cyclisme sur Route Course individuelle H Belgique 10
86%
Basketball 3x3 Comité Olympique de Russie 1
86%
Tir Comité Olympique de Russie 1
86%
Aviron Deux de couple poids léger F Pays Bas 4
86%
Aviron Quatre sans barreur F Pays Bas 2
86%
Basketball 3x3 Pays Bas 1
86%
BMX Pays Bas 3
86%
Cyclisme sur Piste Pays Bas 3
86%
Cyclisme sur Route Course en ligne individuelle F Pays Bas 7
86%
Hockey sur Gazon Tournoi Féminin Pays Bas 10
86%
Judo Poids moyens F Pays Bas 5
86%
Nage en eau libre 10km eau libre F Pays Bas 3
86%
Voile Planche à Voile H Pays Bas 5
86%
Voile Pays Bas 1
86%
Voile Dériveur léger en solitaire F Pays Bas 6
86%
Voile Pays Bas 2
86%
Athlétisme Russie 3
86%
Escrime Épée Féminine équipes Russie 4
86%
Gymnastique Rythmique Individuel F Russie 10
86%
Gymnastique Rythmique Équipes F Russie 6
86%
Lutte gréco-romaine Poids super lourds H Russie 5
86%
Natation synchronisée Ballet F Russie 5
86%
Lutte gréco-romaine Poids welters H Suède 8
86%
Lutte gréco-romaine Poids moyens H Suède 11
86%
Pentathlon moderne Individuel H Suède 19
86%
Voile Suède 3
86%
Athlétisme 3 000m steeple H Kenya 24
84%
Athlétisme Kenya 9
84%
Athlétisme Marathon F Kenya 8
84%
Athlétisme 3 000m steeple F Kenya 5
84%
Handball F Norvège 8
84%
Athlétisme Lancer du marteau F Pologne 5
84%
Boxe Mi Lourds H Pologne 9
84%
Escalade Vitesse F Pologne 2
84%
VTT Hommes Suisse 6
84%
VTT Femmes Suisse 4
84%
Triathlon Suisse 5
84%
Escalade Combiné H Autriche 2
81%
Voile Kitesurf H Autriche 1
81%
Hockey sur Gazon Tournoi Masculin Inde 13
81%
Tir Inde 1
81%
Judo Poids lourds F Cuba 8
78%
Lutte gréco-romaine Cuba 5
78%
Athlétisme 5 000m H Finlande 13
78%
Athlétisme Lancer du javelot H Finlande 22
78%
Lutte gréco-romaine Poids légers H Finlande 10
78%
Lutte gréco-romaine Poids lourds H Finlande 9
78%
Aviron Deux sans barreur H Nouvelle Zélande 2
78%
Canoë Kayak Slalom KX1 Kayak-cross H Nouvelle Zélande 1
78%
Rugby à 7 Tournoi Féminin Nouvelle Zélande 3
78%
Voile Skiff en double H Nouvelle Zélande 4
78%
Voile Dériveur en double F Nouvelle Zélande 3
78%
Athlétisme 10 000m H Éthiopie 16
76%
Athlétisme 5 000m F Éthiopie 9
76%
Athlétisme 10 000m F Éthiopie 11
76%
Basketball 3x3 Serbie 1
76%
Tir Serbie 1
76%
Athlétisme 1 500m F Roumanie 7
73%
Aviron Deux de couple F Roumanie 6
73%
Aviron Roumanie 4
73%
Aviron Deux sans barreur F Roumanie 6
73%
Gymnastique Artistique Complet par équipes F Roumanie 12
73%
Aviron Deux de couple poids léger H Danemark 3
70%
Cyclisme sur Piste Danemark 2
70%
Aviron Grèce 3
70%
Canoë Kayak Course en ligne C1 1 000m H Hongrie 10
70%
Canoë Kayak Course en ligne K1 1 000m H Hongrie 10
70%
Canoë Kayak Course en ligne Hongrie 1
70%
Canoë Kayak Course en ligne K1 500m F Hongrie 9
70%
Canoë Kayak Course en ligne K2 500m F Hongrie 12
70%
Canoë Kayak Course en ligne K4 500m F Hongrie 9
70%
Escrime Sabre Masculin Individuel Hongrie 28
70%
Escrime Hongrie 6
70%
Water-polo H Hongrie 15
70%
Athlétisme Triple Saut F Ukraine 3
70%
Canoë Kayak Course en ligne Ukraine 2
70%
Escrime Sabre Féminin équipes Ukraine 3
70%
Tir Ukraine 1
70%
BMX Courses H Colombie 3
68%
BMX Courses F Colombie 3
68%
Aviron Croatie 2
68%
Escalade Slovénie 2
68%
Voile Slovénie 1
68%
Boxe Turquie 1
68%
Taekwondo Poids légers H Turquie 4
68%
Tir Turquie 1
68%
Athlétisme 20km marche H Union Soviétique 9
68%
Athlétisme 800m F Union Soviétique 6
68%
Athlétisme Lancer du poids F Union Soviétique 12
68%
Athlétisme Lancer du disque F Union Soviétique 10
68%
Gymnastique Artistique Cheval d'arçon H Union Soviétique 12
68%
Gymnastique Artistique Anneaux H Union Soviétique 15
68%
Gymnastique Artistique Saut de cheval H Union Soviétique 12
68%
Gymnastique Artistique Complet individuel simple F Union Soviétique 18
68%
Gymnastique Artistique Poutre F Union Soviétique 15
68%
Gymnastique Artistique Exercice au sol F Union Soviétique 17
68%
Gymnastique Artistique Barres asymétriques F Union Soviétique 12
68%
Gymnastique Artistique Saut de cheval F Union Soviétique 15
68%
Lutte gréco-romaine Poids coqs H Union Soviétique 8
68%
Volleyball Union Soviétique 6
68%
Escalade Vitesse H Indonésie 1
65%
Haltérophilie Poids coqs F Indonésie 4
65%
Canoë Kayak Slalom C1 H Slovaquie 8
65%
Tir Trap F Slovaquie 3
65%
Aviron Irlande 3
62%
Boxe Légers F Irlande 3
62%
Athlétisme Kazakhstan 3
62%
Haltérophilie Poids moyens H Bulgarie 8
59%
Basketball 3x3 Hommes Lettonie 1
59%
Haltérophilie Poids super lourds H Iran 5
57%
Taekwondo Poids moyens H Iran 3
57%
Boxe Corée du Nord 1
54%
Rugby à 7 Tournoi Masculin Fidji 3
54%
Athlétisme Équateur 1
51%
Basketball 3x3 Lituanie 1
51%
Boxe Plumes F Philippines 2
49%
Haltérophilie Thaïlande 1
46%
Haltérophilie Thaïlande 4
46%
Haltérophilie Poids légers F Thaïlande 7
46%
Taekwondo Poids mouches F Thaïlande 6
46%
Voile Singapour 1
24%
Lutte libre Kirghizistan 2
19%
Aucun quiz correspondant
Distribution des résultats
% des personnes avec chaque résultat
Percentile par nombre de réponses
Votre historique - résultats
Vous n’avez pas pris ce quiz depuis la dernière actualisation